Japanese R & D centers electronics

The information contained in book is based on researches conducted by the staff of Eurogestion. The information to be reliable to the best of Japanese electronics

Na minha lista:
Detalhes bibliográficos
Formato: Livro
Idioma:Undetermined
Publicado em: Tokyo Eurogestion 1985
Assuntos:
Tags: Adicionar Tag
Sem tags, seja o primeiro a adicionar uma tag!
Thư viện lưu trữ: Trung tâm Học liệu Trường Đại học Cần Thơ
LEADER 00651nam a2200181Ia 4500
001 CTU_222641
008 210402s9999 xx 000 0 und d
082 |a 338.4 
082 |b J33 
245 0 |a Japanese R & D centers electronics 
245 0 |c Eurogestion 
260 |a Tokyo 
260 |b Eurogestion 
260 |c 1985 
520 |a The information contained in book is based on researches conducted by the staff of Eurogestion. The information to be reliable to the best of Japanese electronics 
650 |a Electronic industries,Công nghiệp điện tử 
904 |i Hải 
980 |a Trung tâm Học liệu Trường Đại học Cần Thơ